000 00473nam a22001457a 4500
005 20251029173733.0
008 251029b |||||||| |||| 00| 0 eng d
020 _a0887376630
050 _aRT81.5 NAT
110 _aNational League for Nursing
245 _aNurse Educators 1995
_bfinding from the RN and LPN faculty census
_cNational League for Nursing
260 _aNew York
_bNational League for Nursing Press
_c1996
300 _aix. 72p.
_bill.
_c28cm
942 _2lcc
_cBK
_n0
999 _c7906
_d7906